[Event "Irish New Year Events-IM1 2020"]
[Site "Dublin"]
[Date "2020.01.05"]
[Round "7.7"]
[White "O`Donnell, Conor"]
[Black "Melaugh, Shane"]
[Result "0-1"]
[WhiteElo "2307"]
[BlackElo "2207"]
[Annotator "ChessBase"]
[PlyCount "128"]
[EventDate "2020.01.02"]
[EventType "tourn"]
[EventCountry "IRL"]
[SourceTitle "playchess.com"]
[Source "ChessBase"]
[SourceQuality "1"]
[TimeControl "5400+30"]

1. Nf3 {[%emt 0:00:00]} d6 {[%emt 0:00:00]} 2. d4 {[%emt 0:00:02]} f5 {[%emt 0:00:00]} 3. g3 {[%emt 0:00:22]} Nf6 {[%emt 0:00:04]} 4. Bg2 {[%emt 0:00:05]} e6 {[%emt 0:00:05]} 5. c4 {[%emt 0:00:23]} Be7 {[%emt 0:00:03]} 6. O-O {[%emt 0:00:20]} O-O {[%emt 0:00:06]} 7. Nc3 {[%emt 0:00:17]} Ne4 {[%emt 0:02:02]} 8. a4 {[%emt 0:00:25]} Nxc3 {[%emt 0:01:16]} 9. bxc3 {[%emt 0:00:05]} Nc6 {[%emt 0:00:06]} 10. a5 {[%emt 0:00:41]} Rb8 {[%emt 0:11:27]} 11. d5 {[%emt 0:02:46]} Ne5 {[%emt 0:00:14]} 12. Nd4 {[%emt 0:01:33]} c5 {[%emt 0:06:48]} 13. dxc6 {[%emt 0:04:05]} bxc6 {[%emt 0:01:55]} 14. f4 {[%emt 0:05:19]} c5 {[%emt 0:01:27]} 15. fxe5 {[%emt 0:00:19]} cxd4 {[%emt 0:00:03]} 16. exd6 {[%emt 0:01:39]} Bxd6 {[%emt 0:01:12]} 17. cxd4 {[%emt 0:00:47]} Ba6 {[%emt 0:00:09]} 18. c5 {[%emt 0:11:31]} Be7 {[%emt 0:00:09]} 19. Bf4 {[%emt 0:04:10]} Rb4 {[%emt 0:00:07]} 20. Be5 {[%emt 0:31:33]} Bf6 {[%emt 0:08:55]} 21. Bxf6 {[%emt 0:00:05]} Qxf6 {[%emt 0:00:13]} 22. d5 {[%emt 0:00:57]} Rd4 {[%emt 0:00:42]} 23. Qb3 {[%emt 0:00:57]} Bc4 {[%emt 0:00:23]} 24. Qb7 {[%emt 0:01:19]} Bxd5 {[%emt 0:07:25]} 25. c6 {[%emt 0:04:16]} Bxg2 {[%emt 0:03:17]} 26. Kxg2 {[%emt 0:00:02]} Qe5 {[%emt 0:00:30]} 27. c7 {[%emt 0:02:38]} Qxe2+ {[%emt 0:02:26]} 28. Rf2 {[%emt 0:00:51]} Qc4 {[%emt 0:00:13]} 29. Raa2 {[%emt 0:01:58]} Rd5 {[%emt 0:01:04]} 30. Rae2 Rb5 {[%emt 0:07:20]} 31. Qa6 {[%emt 0:18:19]} Rc5 {[%emt 0:01:19]} 32. Qxa7 {[%emt 0:04:04]} Rxc7 {[%emt 0:00:07]} 33. Qe3 {[%emt 0:00:25]} Rc6 {[%emt 0:02:03]} 34. Qe5 {[%emt 0:02:12]} Ra8 {[%emt 0:01:03]} 35. Rd2 {[%emt 0:01:00]} Qc5 {[%emt 0:04:52]} 36. Rfe2 {[%emt 0:00:27]} Qxe5 {[%emt 0:01:28]} 37. Rxe5 {[%emt 0:00:02]} Ra7 {[%emt 0:00:40]} 38. g4 {[%emt 0:02:08]} g6 {[%emt 0:00:57]} 39. gxf5 {[%emt 0:00:20]} gxf5 {[%emt 0:00:06]} 40. Rb5 {[%emt 0:00:54]} Kf7 {[%emt 0:00:06]} 41. Rdb2 {[%emt 0:00:27]} Kf6 {[%emt 0:01:12]} 42. Rb7 {[%emt 0:00:41]} Rxb7 {[%emt 0:09:27]} 43. Rxb7 {[%emt 0:00:01]} h5 {[%emt 0:00:55]} 44. Kg3 {[%emt 0:00:45]} Rc3+ {[%emt 0:02:03]} 45. Kh4 {[%emt 0:00:17]} Ra3 {[%emt 0:00:09]} 46. Rb5 {[%emt 0:00:20]} Kg6 {[%emt 0:00:16]} 47. Rb6 {[%emt 0:00:18]} Ra4+ {[%emt 0:00:22]} 48. Kg3 {[%emt 0:00:12]} Kf6 {[%emt 0:00:26]} 49. a6 {[%emt 0:00:20]} Ke5 {[%emt 0:00:29]} 50. h4 {[%emt 0:01:04]} f4+ {[%emt 0:00:48]} 51. Kf3 {[%emt 0:01:04]} Ra3+ {[%emt 0:00:06]} 52. Ke2 {[%emt 0:00:30]} Kf5 {[%emt 0:00:07]} 53. Rb5+ {[%emt 0:00:20]} e5 {[%emt 0:00:22]} 54. Rb6 {[%emt 0:00:12]} e4 {[%emt 0:00:28]} 55. Rb5+ {[%emt 0:00:33]} Kg4 {[%emt 0:00:14]} 56. Re5 {[%emt 0:00:56]} Ra2+ {[%emt 0:00:09]} 57. Ke1 {[%emt 0:00:08]} e3 {[%emt 0:00:39]} 58. Re6 {[%emt 0:01:04]} Kf3 {[%emt 0:00:12]} 59. Kd1 {[%emt 0:00:20]} e2+ {[%emt 0:00:19]} 60. Ke1 {[%emt 0:00:05]} Ra1+ {[%emt 0:00:07]} 61. Kd2 {[%emt 0:00:07]} Rd1+ {[%emt 0:00:22]} 62. Kc2 {[%emt 0:00:12]} e1=Q {[%emt 0:00:08]} 63. Rxe1 {[%emt 0:00:15]} Rxe1 {[%emt 0:00:05]} 64. a7 {[%emt 0:00:07]} Ra1 {[%emt 0:00:04]} 0-1

[Event "Irish New Year Events-IM1 2020"]
[Site "Dublin"]
[Date "2020.01.05"]
[Round "7.8"]
[White "Hammar, Bengt"]
[Black "Delaney, Killian"]
[Result "0-1"]
[WhiteElo "2175"]
[BlackElo "2278"]
[Annotator "ChessBase"]
[PlyCount "58"]
[EventDate "2020.01.02"]
[EventType "tourn"]
[EventCountry "IRL"]
[SourceTitle "playchess.com"]
[Source "ChessBase"]
[SourceQuality "1"]
[TimeControl "5400+30"]

1. e4 {[%emt 0:00:00]} c5 {[%emt 0:00:00]} 2. Nf3 {[%emt 0:00:00]} e6 {[%emt 0:00:00]} 3. d4 {[%emt 0:00:35]} cxd4 {[%emt 0:00:00]} 4. Nxd4 {[%emt 0:00:05]} Nf6 {[%emt 0:00:04]} 5. Bd3 {[%emt 0:02:50]} Nc6 {[%emt 0:00:27]} 6. Nxc6 {[%emt 0:00:34]} bxc6 {[%emt 0:00:55]} 7. O-O {[%emt 0:00:33]} d5 {[%emt 0:02:09]} 8. exd5 {[%emt 0:02:17]} cxd5 {[%emt 0:00:33]} 9. Bb5+ {[%emt 0:06:58]} Bd7 {[%emt 0:02:33]} 10. Bxd7+ {[%emt 0:00:09]} Qxd7 {[%emt 0:00:56]} 11. b3 {[%emt 0:00:33]} Qc7 {[%emt 0:04:40]} 12. Bb2 {[%emt 0:02:14]} Bd6 {[%emt 0:00:23]} 13. h3 {[%emt 0:01:08]} Bh2+ {[%emt 0:05:52]} 14. Kh1 {[%emt 0:00:19]} Be5 {[%emt 0:00:09]} 15. Bxe5 {[%emt 0:01:32]} Qxe5 {[%emt 0:00:04]} 16. Nd2 {[%emt 0:00:02]} Qc3 {[%emt 0:01:03]} 17. Nf3 {[%emt 0:02:25]} O-O {[%emt 0:01:00]} 18. Re1 {[%emt 0:02:12]} Rfc8 {[%emt 0:02:25]} 19. Rc1 {[%emt 0:00:55]} Ne4 {[%emt 0:01:25]} 20. Kg1 {[%emt 0:00:26]} Qb2 {[%emt 0:02:08]} 21. a4 {[%emt 0:00:33]} Nc3 {[%emt 0:00:20]} 22. Qd2 {[%emt 0:03:07]} Na2 {[%emt 0:03:53]} 23. Rb1 {[%emt 0:02:35]} Qxc2 {[%emt 0:00:12]} 24. Qe3 {[%emt 0:01:09]} Nc3 {[%emt 0:05:06]} 25. Rbc1 {[%emt 0:09:39]} Qxb3 {[%emt 0:00:16]} 26. Nd4 {[%emt 0:01:14]} Qb4 {[%emt 0:00:50]} 27. Nxe6 {[%emt 0:07:06]} fxe6 {[%emt 0:00:15]} 28. Qxe6+ {[%emt 0:00:06]} Kh8 {[%emt 0:00:10]} 29. Rc2 {[%emt 0:00:29]} d4 {[%emt 0:02:50]} 0-1

[Event "Irish New Year Events-IM1 2020"]
[Site "Dublin"]
[Date "2020.01.05"]
[Round "7.9"]
[White "Waters, Michael"]
[Black "Baker, Chris W"]
[Result "0-1"]
[WhiteElo "2130"]
[BlackElo "2225"]
[Annotator "ChessBase"]
[PlyCount "88"]
[EventDate "2020.01.02"]
[EventType "tourn"]
[EventCountry "IRL"]
[SourceTitle "playchess.com"]
[Source "ChessBase"]
[SourceQuality "1"]
[TimeControl "5400+30"]

1. Nf3 {[%emt 0:00:00]} Nf6 {[%emt 0:01:16]} 2. b3 {[%emt 0:00:00]} g6 {[%emt 0:01:12]} 3. Bb2 {[%emt 0:00:14]} Bg7 {[%emt 0:00:16]} 4. e4 {[%emt 0:03:32]} d6 {[%emt 0:05:44]} 5. Bc4 {[%emt 0:00:45]} c6 {[%emt 0:02:20]} 6. O-O {[%emt 0:02:21]} b5 {[%emt 0:04:32]} 7. Bd3 {[%emt 0:00:37]} Nbd7 {[%emt 0:01:26]} 8. Re1 {[%emt 0:01:47]} O-O {[%emt 0:02:47]} 9. a4 {[%emt 0:04:58]} bxa4 {[%emt 0:03:20]} 10. Rxa4 {[%emt 0:03:54]} Nc5 {[%emt 0:01:04]} 11. Ra2 {[%emt 0:00:05]} Nxd3 {[%emt 0:07:34]} 12. cxd3 {[%emt 0:00:06]} Qb6 {[%emt 0:01:14]} 13. d4 {[%emt 0:10:56]} Be6 {[%emt 0:02:06]} 14. Ra3 {[%emt 0:00:13]} Rfb8 {[%emt 0:00:46]} 15. Nc3 {[%emt 0:05:00]} Bxb3 {[%emt 0:00:56]} 16. Qc1 {[%emt 0:04:23]} Bh6 {[%emt 0:07:54]} 17. h3 {[%emt 0:03:05]} d5 {[%emt 0:09:12]} 18. Ba1 {[%emt 0:04:25]} Nxe4 {[%emt 0:01:42]} 19. Nxe4 {[%emt 0:00:33]} dxe4 {[%emt 0:00:06]} 20. Rxe4 {[%emt 0:01:09]} Bd5 {[%emt 0:00:36]} 21. Re1 {[%emt 0:00:48]} a5 {[%emt 0:05:39]} 22. Ne5 {[%emt 0:00:52]} Ra7 {[%emt 0:02:16]} 23. Nd3 {[%emt 0:01:32]} Qb5 {[%emt 0:01:54]} 24. Nc5 {[%emt 0:01:43]} Bg7 {[%emt 0:03:43]} 25. Kh2 {[%emt 0:07:44]} h5 {[%emt 0:01:58]} 26. Kg1 {[%emt 0:01:43]} Qb6 {[%emt 0:04:13]} 27. Bc3 {[%emt 0:14:24]} Qc7 {[%emt 0:00:30]} 28. Qa1 Qf4 {[%emt 0:03:48]} 29. f3 {[%emt 0:01:46]} Rb5 {[%emt 0:07:54]} 30. Nd3 {[%emt 0:01:29]} Qg5 {[%emt 0:00:47]} 31. Kh1 {[%emt 0:01:33]} Qg3 {[%emt 0:01:06]} 32. Re3 {[%emt 0:16:13]} Rab7 {[%emt 0:03:16]} 33. Qg1 {[%emt 0:00:04]} Rb1 {[%emt 0:02:04]} 34. Ne1 {[%emt 0:00:24]} Bh6 {[%emt 0:00:42]} 35. Re2 {[%emt 0:02:09]} Bf4 {[%emt 0:01:39]} 36. Bxa5 {[%emt 0:01:15]} Rd1 {[%emt 0:00:44]} 37. d3 {[%emt 0:04:10]} Rbb1 {[%emt 0:01:10]} 38. Bc3 {[%emt 0:00:17]} Rxd3 {[%emt 0:01:49]} 39. Ra1 {[%emt 0:01:22]} Rxa1 {[%emt 0:00:58]} 40. Bxa1 {[%emt 0:00:03]} Rd1 {[%emt 0:00:10]} 41. Bc3 {[%emt 0:00:14]} e6 {[%emt 0:01:32]} 42. Rb2 {[%emt 0:01:16]} Kg7 {[%emt 0:00:55]} 43. Rc2 {[%emt 0:00:33]} g5 {[%emt 0:00:20]} 44. Re2 {[%emt 0:01:17]} g4 {[%emt 0:00:19]} 0-1

[Event "Irish New Year Events-IM1 2020"]
[Site "Dublin"]
[Date "2020.01.05"]
[Round "7.10"]
[White "Ahlander, Bjorn"]
[Black "Venkatesan, Kavin"]
[Result "1-0"]
[WhiteElo "2418"]
[BlackElo "1815"]
[Annotator "TA"]
[PlyCount "64"]
[EventDate "2020.01.02"]
[EventType "tourn"]
[EventCountry "IRL"]
[SourceTitle "playchess.com"]
[Source "ChessBase"]
[SourceQuality "1"]

{[%evp 13,64,38,47,35,47,52,75,0,72,77,116,94,129,113,121,118,149,102,129,103,107,100,142,98,125,125,125,106,172,154,264,253,258,258,248,248,248,252,258,252,260,252,259,250,245,255,544,552,551,543,523,521,522]} 1. d4 Nf6 2. c4 e6 3. Nc3 Bb4 4. Qc2 c5 5. dxc5 Bxc5 6. Nf3 O-O 7. Bg5 Be7 8. e4 {E39: Nimzo-Indian: Classical: 4...c5 5 dxc5 0-0} (8. e3 d6 9. Be2 a6 10. O-O Qc7 11. Rfd1 Nbd7 12. Rac1 b6 13. h3 Bb7 14. b4 Rac8 15. Bf4 Bxf3 16. Bxf3 {1-0 (64) Tang,A (2487)-Preotu,R (2524) chess.com INT 2019}) 8... d6 9. Rd1 Qb6 10. Be2 $146 ({White should try} 10. Be3 $16 Qc7 11. Be2) ({Predecessor:} 10. Be3 Qa5 11. Bd2 Qb6 12. Be3 Qa5 13. Bd2 Qb6 14. Be3 {½-½ (14) Bathray,J (2156)-Dinger,F (2333) Germany 2017}) 10... Bd7 (10... Ng4 $11 11. O-O (11. Bxe7 Qxf2+ {[%mdl 64] Double Attack} 12. Kd2 Qe3+ 13. Ke1 Qf2+ {[%mdl 64] Double Attack} 14. Kd2 Qe3+ 15. Ke1 Qf2+ {[%mdl 64] Double Attack} 16. Kd2 $11) 11... Bxg5 12. Nxg5 Ne3 13. fxe3 Qxe3+ 14. Kh1 Qxg5) 11. O-O $16 Bc6 12. a3 a5 13. Nd4 $36 {[%mdl 2048] White is on the roll.} Nbd7 14. Be3 {[#] aiming for Nxe6!} Qc7 15. f4 a4 16. Bf3 Nb6 17. Qe2 {And now Ndb5 would win.} Nbd7 18. Rd2 Rfd8 19. Rfd1 Nc5 {[%cal Rf6e4]} 20. Ndb5 Bxb5 (20... Qa5 $16) 21. Nxb5 $18 Qa5 (21... Qc8 $16) 22. Bxc5 $1 ({Weaker is} 22. Nxd6 Bxd6 23. Rxd6 Rxd6 $14) 22... dxc5 {[#]} 23. e5 $1 Ne8 24. Rd7 Rxd7 25. Rxd7 Bf8 26. Qd1 (26. Bxb7 $6 Rd8 $18) 26... g6 27. g3 ({Don't take} 27. Rxb7 Rd8 $18) 27... Ng7 28. Bxb7 Rb8 29. Be4 Rxb5 $2 (29... Ne8 {is a better defense.} 30. h3 Bg7) 30. cxb5 {White is clearly winning.} Qxb5 31. Rb7 Qc4 32. Qd7 Qd4+ {Accuracy: White = 58%, Black = 37%.} 1-0

[Event "Irish New Year Events-IM1 2020"]
[Site "Dublin"]
[Date "2020.01.06"]
[Round "8.6"]
[White "Mannion, Stephen R"]
[Black "Venkatesan, Kavin"]
[Result "1/2-1/2"]
[WhiteElo "2283"]
[BlackElo "1815"]
[Annotator "ChessBase"]
[PlyCount "92"]
[EventDate "2020.01.02"]
[EventType "tourn"]
[EventCountry "IRL"]
[SourceTitle "playchess.com"]
[Source "ChessBase"]
[SourceQuality "1"]
[TimeControl "40/5400+30:1800+30"]

1. e4 {[%emt 0:00:00]} c5 {[%emt 0:00:00]} 2. Nf3 {[%emt 0:00:00]} d6 {[%emt 0:00:00]} 3. d4 {[%emt 0:00:00]} cxd4 {[%emt 0:00:00]} 4. Nxd4 {[%emt 0:00:00]} Nf6 {[%emt 0:00:01]} 5. Nc3 {[%emt 0:00:00]} a6 {[%emt 0:00:02]} 6. f4 {[%emt 0:00:07]} e5 {[%emt 0:01:03]} 7. Nf3 {[%emt 0:00:08]} Nbd7 {[%emt 0:00:27]} 8. Bd3 {[%emt 0:01:59]} Be7 {[%emt 0:00:56]} 9. O-O {[%emt 0:00:16]} O-O {[%emt 0:00:33]} 10. Kh1 {[%emt 0:00:28]} b5 {[%emt 0:02:09]} 11. a3 {[%emt 0:01:08]} Bb7 {[%emt 0:04:44]} 12. Qe1 {[%emt 0:01:59]} Qc7 {[%emt 0:01:46]} 13. Nh4 {[%emt 0:01:48]} g6 {[%emt 0:08:22]} 14. f5 {[%emt 0:00:26]} Nc5 {[%emt 0:20:24]} 15. Bh6 {[%emt 0:18:00]} Rfd8 {[%emt 0:00:47]} 16. fxg6 {[%emt 0:04:03]} fxg6 {[%emt 0:02:12]} 17. Qf2 {[%emt 0:02:08]} Nxd3 {[%emt 0:04:25]} 18. cxd3 {[%emt 0:04:45]} d5 {[%emt 0:00:56]} 19. Rac1 {[%emt 0:06:04]} Qd7 {[%emt 0:01:58]} 20. d4 {[%emt 0:05:29]} Qe6 {[%emt 0:02:21]} 21. exd5 {[%emt 0:09:08]} Bxd5 {[%emt 0:00:52]} 22. Nxd5 {[%emt 0:11:00]} Rxd5 {[%emt 0:01:15]} 23. dxe5 {[%emt 0:00:08]} Ng4 {[%emt 0:02:04]} 24. Qf4 {[%emt 0:00:08]} Nxh6 {[%emt 0:01:57]} 25. Qxh6 {[%emt 0:00:14]} Bxh4 {[%emt 0:01:02]} 26. Qxh4 {[%emt 0:00:43]} Rxe5 {[%emt 0:00:54]} 27. Rc7 {[%emt 0:02:30]} Rh5 {[%emt 0:02:01]} 28. Qe7 {[%emt 0:04:08]} Qxe7 {[%emt 0:00:46]} 29. Rxe7 {[%emt 0:00:02]} Rf8 {[%emt 0:00:46]} 30. Rxf8+ {[%emt 0:03:47]} Kxf8 {[%emt 0:00:06]} 31. Ra7 {[%emt 0:00:11]} Rc5 {[%emt 0:01:06]} 32. h3 {[%emt 0:00:30]} Rc2 {[%emt 0:01:46]} 33. b4 {[%emt 0:06:12]} Rc6 {[%emt 0:00:15]} 34. Rxh7 {[%emt 0:01:14]} Rc3 {[%emt 0:00:25]} 35. Ra7 {[%emt 0:01:08]} Rxa3 {[%emt 0:00:11]} 36. Kh2 {[%emt 0:00:27]} Ra4 {[%emt 0:00:25]} 37. Kg3 {[%emt 0:00:30]} Rxb4 {[%emt 0:00:10]} 38. Rxa6 {[%emt 0:01:06]} Kg7 {[%emt 0:00:15]} 39. Rb6 {[%emt 0:00:21]} Kh6 {[%emt 0:01:38]} 40. Rb8 {[%emt 0:02:47]} Kg7 {[%emt 0:02:19]} 41. Rb6 {[%emt 0:31:34]} Kh6 {[%emt 0:30:14]} 42. Rb7 {[%emt 0:02:05]} Kg5 {[%emt 0:03:30]} 43. h4+ {[%emt 0:01:16]} Kf6 {[%emt 0:00:21]} 44. Kh3 {[%emt 0:00:55]} Rb3+ {[%emt 0:06:53]} 45. Kg4 {[%emt 0:03:02]} Rb4+ {[%emt 0:00:11]} 46. Kh3 {[%emt 0:00:05]} Rb3+ {[%emt 0:00:08]} 1/2-1/2

[Event "Irish New Year Events-IM1 2020"]
[Site "Dublin"]
[Date "2020.01.06"]
[Round "8.7"]
[White "Baker, Chris W"]
[Black "Ahlander, Bjorn"]
[Result "1/2-1/2"]
[WhiteElo "2225"]
[BlackElo "2418"]
[Annotator "RC"]
[PlyCount "143"]
[EventDate "2020.01.02"]
[EventType "tourn"]
[EventCountry "IRL"]
[SourceTitle "playchess.com"]
[Source "ChessBase"]
[SourceQuality "1"]
[TimeControl "40/5400+30:1800+30"]

1. d4 {[%emt 0:00:00]} Nf6 {[%emt 0:00:00]} 2. Nf3 {[%emt 0:00:00]} e6 {[%emt 0:00:00]} 3. Bf4 {[%emt 0:04:38]} c5 {[%emt 0:00:00]} 4. c3 {[%emt 0:00:54]} Nc6 {[%emt 0:00:10]} 5. e3 {[%emt 0:01:41]} Nh5 {[%emt 0:00:17]} 6. Bg5 {[%emt 0:04:38]} Qb6 {[%emt 0:00:03]} 7. Qb3 {[%emt 0:00:38]} h6 {[%emt 0:00:40]} 8. Qxb6 {[%emt 0:02:27]} axb6 {[%emt 0:00:04]} 9. Bh4 {[%emt 0:00:13]} g5 {[%emt 0:00:29]} 10. Bg3 {[%emt 0:01:29]} Nxg3 {[%emt 0:00:03]} 11. hxg3 {[%emt 0:00:17]} Bg7 {[%emt 0:00:03]} 12. Na3 {[%emt 0:01:16]} d5 {[%emt 0:00:40]} 13. Bb5 {[%emt 0:05:47]} Ke7 {[%emt 0:01:07]} 14. Kd2 {[%emt 0:04:06]} Bd7 {[%emt 0:00:25]} 15. Rh5 {[%emt 0:10:15]} Ra5 {[%emt 0:01:51]} 16. Bxc6 {[%emt 0:06:29]} bxc6 {[%emt 0:00:32]} 17. Nc2 {[%emt 0:00:51]} Rha8 {[%emt 0:06:10]} 18. a3 {[%emt 0:01:53]} c4 {[%emt 0:00:06]} 19. Re1 {[%emt 0:03:10]} Be8 {[%emt 0:02:14]} 20. Rhh1 {[%emt 0:01:24]} f6 {[%emt 0:01:39]} 21. Kc1 {[%emt 0:01:57]} Bg6 {[%emt 0:01:05]} 22. g4 {[%emt 0:03:42]} Kd6 {[%emt 0:01:29]} 23. Nd2 {[%emt 0:04:38]} R5a7 {[%emt 0:00:53]} 24. f3 {[%emt 0:02:58]} Re7 {[%emt 0:02:06]} 25. Nf1 {[%emt 0:01:22]} Rae8 {[%emt 0:14:31]} 26. Ng3 {[%emt 0:01:01]} Rf7 {[%emt 0:00:02]} 27. e4 {[%emt 0:02:27]} Kd7 {[%emt 0:02:14]} 28. Ne3 {[%emt 0:08:38]} Bf8 {[%emt 0:00:09]} 29. Kd2 {[%emt 0:01:12]} Bd6 {[%emt 0:00:30]} 30. Nh5 {[%emt 0:00:26]} b5 {[%emt 0:03:18]} 31. Nxf6+ {[%emt 0:00:30]} Rxf6 {[%emt 0:00:42]} 32. e5 {[%emt 0:00:03]} Rf7 {[%emt 0:01:25]} 33. Rxh6 {[%emt 0:00:26]} Bxe5 {[%emt 0:09:32]} 34. dxe5 {[%emt 0:03:02]} Bd3 {[%emt 0:00:03]} 35. Reh1 {[%emt 0:00:46]} c5 {[%emt 0:01:05]} 36. Rh8 {[%emt 0:02:40]} d4 {[%emt 0:04:24]} 37. cxd4 {[%emt 0:02:17]} cxd4 {[%emt 0:00:04]} 38. Nc2 {[%emt 0:00:09]} Rxh8 {[%emt 0:02:30]} 39. Rxh8 {[%emt 0:00:07]} Bxc2 {[%emt 0:00:06]} 40. Kxc2 {[%emt 0:00:06]} Kc6 {[%emt 0:00:12]} 41. Rc8+ {[%emt 0:34:43]} Kd5 {[%emt 0:30:26]} 42. Rd8+ {[%emt 0:00:02]} Kxe5 {[%emt 0:02:54]} 43. Rb8 {[%emt 0:00:04]} Rh7 {[%emt 0:12:09]} 44. Rxb5+ {[%emt 0:00:42]} Kf4 {[%emt 0:00:02]} 45. Rc5 {[%emt 0:02:40]} Rh2 {[%emt 0:00:05]} 46. Rxc4 {[%emt 0:00:17]} Ke3 {[%emt 0:00:03]} 47. Kb3 {[%emt 0:00:58]} Rxg2 {[%emt 0:05:52]} 48. Rc6 {[%emt 0:00:57]} e5 {[%emt 0:03:58]} 49. Re6 {[%emt 0:01:08]} Kxf3 {[%emt 0:06:31]} 50. Rxe5 {[%emt 0:01:05]} Rxg4 {[%emt 0:00:03]} 51. a4 {[%emt 0:00:46]} d3 {[%emt 0:08:31]} 52. Kc3 {[%emt 0:00:57]} Rxa4 {[%emt 0:05:12]} 53. Rxg5 {[%emt 0:01:42]} Ra2 {[%emt 0:00:15]} 54. Rd5 {[%emt 0:00:22]} Ke4 {[%emt 0:04:21]} 55. Rd4+ {[%emt 0:00:54]} Ke5 {[%emt 0:00:02]} 56. Rxd3 {[%emt 0:00:16]} Ra8 {[%emt 0:00:13]} 57. Rd7 {[%emt 0:02:20]} Rc8+ {[%emt 0:00:13]} 58. Kb3 {[%emt 0:01:17]} Rb8+ {[%emt 0:00:01]} 59. Kc2 {[%emt 0:00:24]} Rc8+ {[%emt 0:00:03]} 60. Kb1 {[%emt 0:00:07]} Rb8 {[%emt 0:00:05]} 61. Rd3 {[%emt 0:00:40]} Ke4 {[%emt 0:00:30]} 62. Rc3 {[%emt 0:01:16]} Kd4 {[%emt 0:00:58]} 63. Kc2 {[%emt 0:00:20]} Rb4 {[%emt 0:02:23]} 64. b3 {[%emt 0:00:28]} Rb5 {[%emt 0:01:01]} 65. Rc4+ {[%emt 0:01:05]} Kd5 {[%emt 0:00:02]} 66. Kb2 {[%emt 0:00:23]} Rc5 {[%emt 0:00:40]} 67. Rb4 {[%emt 0:01:12]} Kc6 {[%emt 0:00:18]} 68. Rb8 {[%emt 0:00:09]} Kc7 {[%emt 0:00:25]} 69. Rh8 {[%emt 0:00:10]} Kb6 {[%emt 0:00:33]} 70. b4 {[%emt 0:00:30]} Rg5 {[%emt 0:00:19]} 71. Kb3 {[%emt 0:00:05]} Rg1 {[%emt 0:00:25]} 72. Rh6+ {[%emt 0:00:30]} 1/2-1/2

[Event "Irish New Year Events-IM1 2020"]
[Site "Dublin"]
[Date "2020.01.06"]
[Round "8.8"]
[White "Delaney, Killian"]
[Black "Waters, Michael"]
[Result "1-0"]
[WhiteElo "2278"]
[BlackElo "2130"]
[Annotator "ChessBase"]
[PlyCount "83"]
[EventDate "2020.01.02"]
[EventType "tourn"]
[EventCountry "IRL"]
[SourceTitle "playchess.com"]
[Source "ChessBase"]
[SourceQuality "1"]
[TimeControl "40/5400+30:1800+30"]

1. Nf3 {[%emt 0:00:00]} d5 {[%emt 0:03:52]} 2. c4 {[%emt 0:00:00]} e6 {[%emt 0:00:38]} 3. g3 {[%emt 0:00:54]} Nf6 {[%emt 0:00:26]} 4. Bg2 {[%emt 0:00:17]} c5 {[%emt 0:00:28]} 5. O-O {[%emt 0:00:35]} Nc6 {[%emt 0:00:32]} 6. b3 {[%emt 0:01:09]} Be7 {[%emt 0:00:18]} 7. e3 {[%emt 0:00:27]} d4 {[%emt 0:01:03]} 8. exd4 {[%emt 0:00:20]} Nxd4 {[%emt 0:00:52]} 9. Nxd4 {[%emt 0:03:56]} Qxd4 {[%emt 0:01:02]} 10. Nc3 {[%emt 0:00:05]} O-O {[%emt 0:00:25]} 11. Bb2 {[%emt 0:04:30]} Rd8 {[%emt 0:06:21]} 12. Nd5 {[%emt 0:08:46]} Qxb2 {[%emt 0:00:10]} 13. Nxe7+ {[%emt 0:00:03]} Kf8 {[%emt 0:00:21]} 14. Nxc8 {[%emt 0:00:04]} Raxc8 {[%emt 0:00:26]} 15. Bxb7 {[%emt 0:00:11]} Rb8 {[%emt 0:01:00]} 16. Bg2 {[%emt 0:00:40]} Rxd2 {[%emt 0:00:34]} 17. Qf3 {[%emt 0:00:15]} Rbd8 {[%emt 0:02:49]} 18. Rad1 {[%emt 0:05:25]} Rxd1 {[%emt 0:15:01]} 19. Rxd1 {[%emt 0:00:03]} Rxd1+ {[%emt 0:00:18]} 20. Qxd1 {[%emt 0:00:02]} Ke7 {[%emt 0:00:30]} 21. a4 {[%emt 0:09:35]} Qc3 {[%emt 0:01:31]} 22. Bc6 {[%emt 0:04:05]} g6 {[%emt 0:03:19]} 23. Kg2 {[%emt 0:02:03]} e5 {[%emt 0:06:36]} 24. h3 {[%emt 0:01:25]} h6 {[%emt 0:02:17]} 25. Bb7 {[%emt 0:06:15]} g5 {[%emt 0:06:15]} 26. Bc6 {[%emt 0:02:15]} e4 {[%emt 0:01:48]} 27. Qe2 {[%emt 0:01:00]} Qxb3 {[%emt 0:00:35]} 28. Bxe4 {[%emt 0:00:06]} Kf8 {[%emt 0:01:53]} 29. Bf3 {[%emt 0:05:30]} Qb6 {[%emt 0:04:54]} 30. Qe5 {[%emt 0:00:50]} a5 {[%emt 0:02:23]} 31. g4 {[%emt 0:03:03]} Nd7 {[%emt 0:02:03]} 32. Qf5 {[%emt 0:08:44]} Ke7 {[%emt 0:02:15]} 33. Bd5 {[%emt 0:02:43]} Qf6 {[%emt 0:01:00]} 34. Qb1 {[%emt 0:00:37]} Qd6 {[%emt 0:05:02]} 35. Qe1+ {[%emt 0:02:27]} Qe5 {[%emt 0:07:48]} 36. Qxa5 {[%emt 0:00:15]} f5 {[%emt 0:00:54]} 37. gxf5 {[%emt 0:07:02]} Qxf5 {[%emt 0:01:24]} 38. Qc7 {[%emt 0:01:09]} Kf8 {[%emt 0:02:11]} 39. a5 {[%emt 0:00:50]} g4 {[%emt 0:00:14]} 40. Qd8+ {[%emt 0:00:36]} Kg7 {[%emt 0:00:40]} 41. Qg8+ {[%emt 0:30:09]} Kf6 {[%emt 0:30:33]} 42. Qf7+ {[%emt 0:00:08]} 1-0